| 000 | 00782nam a2200229Ia 4500 | ||
|---|---|---|---|
| 003 | GCL | ||
| 008 | 140319s9999 xx 000 0 ara d | ||
| 040 |
_aGCL / _cGCL |
||
| 082 | 0 | 4 |
_a515 _bش ن |
| 100 | 1 | _aشبيجل، موراى | |
| 245 | 1 | 0 |
_aالتفاضل والتكامل المتقدم / _cشبيجل، موراى |
| 700 | 1 | _aمحمد السمرى | |
| 700 | 1 | _aعبدالرازق عبدالرازق عيسى | |
| 260 |
_a[S.N] : _bالدار الدولية للنشر والتوزيع ، _c1993 |
||
| 300 | _a498 | ||
| 490 |
_aسلسلة ملخصات شوم _v0 |
||
| 650 | 0 | 4 | _aالتفاضل والتكامل |
| 650 | 0 | 4 | _aالرياضيات |
| 650 | 0 | 4 | _aالتمارين |
| 650 | 0 | 4 | _aالهندسة التفاضلية والتكاملية |
| 942 |
_2ddc _cBK |
||
| 999 |
_c30292 _d30292 |
||